000 00988nam a22001937a 4500
999 _c59150
_d59150
003 Ge_BSU
005 20221130140042.0
008 221130s1984ge xxu||||| |||| 00| 0 geo d
041 _ageo
080 _a821(479.22)(092) ჟ-99
100 _a ჟღენტი,ბესო
_916254
245 _aთანამედროვეთა მოგონებებში :
_b [კრებული] /
_cბესო ჟღენტი, შემდგ. ე. გუგუშვილი.
264 _aთბილისი:
_bხელოვნება,
_c1984.
300 _a365 გვ. :
_b24 ფ. ილ.
_c22 სმ.
500 _aზოგადი მოგონება და ლექსი რუს. კომენტარები: გვ. 356-359.
653 _aთანამედროვეთა მოგონებებში : [კრებული]
700 _aგუგუშვილი, ე
_eშემდგენელი
_916255
942 _2udc
_cBK